00659nam a2200181 i 450000100060000000300090000600500170001500700030003200800410003510000390007624501150011525000170023026000450024730000200029285200250031299900170033795201230035471000ES-MaACL20230906171004.0t|040804s1943 sp ||||1| spa d1 aGascón y Marín, José.95586610aTratado de Derecho Administrativo b: principios y legislación española / cpor José Gascón y Marín. a8ª ed. rev. aMadrid : b[s.n., c1943] (fC. Bermejo) a2 v. ; c24 cm. aES-MaACLjB-10438-39 c71000d71000 00104070aATENEOMbATENEOMcSPBd2008-01-17eSCl0oB-10438-39p1074347r2023-02-23 00:00:00w2023-02-23yMONOGRAFIA